Safari a la estrategia (Registro nro. 4840)

Detalles MARC
000 -LEADER
fixed length control field 01061 a2200241 4500
001 - CONTROL NUMBER
control field 49429
005 - DATE AND TIME OF LATEST TRANSACTION
control field 20260407155757.0
008 - FIXED-LENGTH DATA ELEMENTS--GENERAL INFORMATION
fixed length control field 260407a2003 arg spa d
003 - CONTROL NUMBER IDENTIFIER
control field AR-UNSa-BCEJYS
040 ## - CATALOGING SOURCE
Original cataloging agency AR-UNSa-BCEJYS
Language of cataloging spa
Transcribing agency AR-UNSa-BCEJYS
080 ## - UNIVERSAL DECIMAL CLASSIFICATION NUMBER
Universal Decimal Classification number 658.012.2
Common auxiliary subdivision Planificación. Programas. Planes. Medidas de apoyo a la planificación( Administración estratégica...)
020 ## - INTERNATIONAL STANDARD BOOK NUMBER
International Standard Book Number 950-641-291-X
041 ## - LANGUAGE CODE
Language code of text/sound track or separate title spa
100 1# - MAIN ENTRY--PERSONAL NAME
Personal name Mintzberg, Henry
245 10 - TITLE STATEMENT
Title Safari a la estrategia
Name of part/section of a work una visita guiada por la jungla del management estratégico
264 #1 - PRODUCTION, PUBLICATION, DISTRIBUTION, MANUFACTURE, AND COPYRIGHT NOTICE
Place of production, publication, distribution, manufacture Buenos Aires :
Name of producer, publisher, distributor, manufacturer Granica
Date of production, publication, distribution, manufacture, or copyright notice 2003
300 ## - PHYSICAL DESCRIPTION
Extent 511 p.
Dimensions 22 cm.
505 ## - FORMATTED CONTENTS NOTE
Formatted contents note 1. "Y ante ustedes, damas y caballeros, la bestia del management estratégico" - 2. La escuela de diseño - 3. La escuela de planificación - 4. La escuela de posicionamiento - 5. La escuela empresarial - 6. La escuela cognoscitiva - 7. La escuela de aprendizaje - 8. La escuela de poder.
590 ## - LOCAL NOTE (RLIN)
Local note niveau_biblio:m niveau_hierar:0
700 1# - ADDED ENTRY--PERSONAL NAME
Personal name Ahlstrand, Bruce
700 1# - ADDED ENTRY--PERSONAL NAME
Personal name Lampel, Joseph
942 ## - ADDED ENTRY ELEMENTS (KOHA)
Koha item type
Existencias
Withdrawn status Lost status Damaged status Not for loan Home library Current library Shelving location Date acquired Total checkouts Full call number Barcode Date last seen Price effective from Koha item type
        Biblioteca Prof. Eusebio Cleto del Rey Biblioteca Prof. Eusebio Cleto del Rey   07/04/2026   658.012.2 M667 L128091 07/04/2026 07/04/2026 Libro